|
|
|
|
| LEADER |
00000cas a2200000 a 4500 |
| 001 |
vtls001357631 |
| 003 |
SK-MaSNL |
| 005 |
20260228155740.0 |
| 008 |
200401d18761876xo mr|p 0 0b0slo |
| 022 |
|
|
|a 1337-2378
|
| 035 |
|
|
|a SNK000311131
|
| 040 |
|
|
|a SNK
|b slo
|c SNK
|e AACR2
|
| 041 |
0 |
|
|a slo
|
| 044 |
|
|
|a xo
|c SK
|
| 072 |
|
7 |
|a 394
|x Verejný a spoločenský život. Každodenný život
|2 konspekt
|
| 080 |
|
|
|a 050
|2 2001
|
| 080 |
|
|
|a 379.8
|2 2001
|
| 080 |
|
|
|a 79
|2 2001
|
| 080 |
|
|
|a 374
|2 2001
|
| 210 |
0 |
|
|a Zora
|b (Martin)
|
| 222 |
|
0 |
|a Zora
|b (Martin)
|
| 245 |
0 |
0 |
|a Zora
|b časopis záujmom slovenského ľudu venovaný
|
| 260 |
|
|
|a Turč. Sv. Martin
|b Jaroslav Zachej
|c 1876-1876
|
| 300 |
|
|
|a 1 zv.
|c 22 cm
|
| 310 |
|
|
|a 1x mesačne
|
| 362 |
0 |
|
|a Roč. 1, č. 1 (1876)-roč. 1, č. 12 (1876)
|
| 500 |
|
|
|a Tlač Kníhtlačiarsko-účastinársky spolok v Martine
|
| 650 |
0 |
7 |
|a každodenný život
|2 SNKPH
|9 4946
|
| 650 |
0 |
7 |
|a zábava
|2 SNKPH
|9 3354
|
| 655 |
|
7 |
|a poučno-zábavné časopisy
|2 SNKPH
|9 265260
|
| 752 |
|
|
|a Slovensko
|d Martin
|
| 910 |
|
|
|a slo
|
| 916 |
|
|
|a 1876
|
| 999 |
|
|
|c 413
|d 413
|
| 952 |
|
|
|0 0
|1 0
|4 0
|7 0
|a SNK
|b SNK
|d 1998-05-21
|f 1
|i snk 110/27
|l 0
|o snkČSC 2/1/1876
|p 17A0142331
|r 2005-01-02 00:00:00
|t č. 1-12
|w 2026-02-21
|y PREZ
|
| 952 |
|
|
|0 0
|1 0
|4 0
|7 0
|8 3
|a SNK
|b SNK
|d 1999-03-12
|g 7.97
|i snkK 507/99
|l 0
|o snkČSC 2/1/1876 D2
|p 17A0409205
|r 2005-01-02 00:00:00
|t č. 1-12
|w 2026-02-21
|y PREZ
|